<?xml version="1.0" encoding="UTF-8"?>
<record
    xmlns:xsi="http://www.w3.org/2001/XMLSchema-instance"
    xsi:schemaLocation="http://www.loc.gov/MARC21/slim http://www.loc.gov/standards/marcxml/schema/MARC21slim.xsd"
    xmlns="http://www.loc.gov/MARC21/slim">

  <leader>00879nam a2200289 a 4500</leader>
  <controlfield tag="001">551047</controlfield>
  <controlfield tag="003">OSt</controlfield>
  <controlfield tag="005">20210219165531.0</controlfield>
  <controlfield tag="008">880426s1989    maua     b    001 0 eng  </controlfield>
  <datafield tag="010" ind1=" " ind2=" ">
    <subfield code="a">   88081328 </subfield>
  </datafield>
  <datafield tag="020" ind1=" " ind2=" ">
    <subfield code="a">0395433045</subfield>
  </datafield>
  <datafield tag="040" ind1=" " ind2=" ">
    <subfield code="a">DLC</subfield>
    <subfield code="c">DLC</subfield>
    <subfield code="d">DLC</subfield>
    <subfield code="d">PHNSL</subfield>
  </datafield>
  <datafield tag="050" ind1="0" ind2="0">
    <subfield code="a">RT41</subfield>
    <subfield code="b">.E4 1989</subfield>
  </datafield>
  <datafield tag="082" ind1="0" ind2="0">
    <subfield code="a">610.73</subfield>
    <subfield code="2">20</subfield>
  </datafield>
  <datafield tag="100" ind1="1" ind2=" ">
    <subfield code="a">Ellis, Janice Rider.</subfield>
  </datafield>
  <datafield tag="245" ind1="1" ind2="0">
    <subfield code="a">Nursing, a human needs approach /</subfield>
    <subfield code="c">Janice Rider Ellis, Elizabeth Ann Nowlis.</subfield>
  </datafield>
  <datafield tag="250" ind1=" " ind2=" ">
    <subfield code="a">4th ed.</subfield>
  </datafield>
  <datafield tag="260" ind1=" " ind2=" ">
    <subfield code="a">Boston :</subfield>
    <subfield code="b">Houghton Mifflin Co.,</subfield>
    <subfield code="c">1989.</subfield>
  </datafield>
  <datafield tag="300" ind1=" " ind2=" ">
    <subfield code="a">xxviii, 1001 p. :</subfield>
    <subfield code="b">ill. ;</subfield>
    <subfield code="c">29 cm.</subfield>
  </datafield>
  <datafield tag="504" ind1=" " ind2=" ">
    <subfield code="a">Includes bibliographical references.</subfield>
  </datafield>
  <datafield tag="650" ind1=" " ind2="0">
    <subfield code="a">Nursing.</subfield>
  </datafield>
  <datafield tag="650" ind1=" " ind2="0">
    <subfield code="a">Nurse and patient.</subfield>
  </datafield>
  <datafield tag="700" ind1="1" ind2=" ">
    <subfield code="a">Nowlis, Elizabeth Ann.</subfield>
  </datafield>
  <datafield tag="906" ind1=" " ind2=" ">
    <subfield code="a">7</subfield>
    <subfield code="b">cbc</subfield>
    <subfield code="c">orignew</subfield>
    <subfield code="d">2</subfield>
    <subfield code="e">opcn</subfield>
    <subfield code="f">19</subfield>
    <subfield code="g">y-gencatlg</subfield>
  </datafield>
  <datafield tag="942" ind1=" " ind2=" ">
    <subfield code="2">lcc</subfield>
    <subfield code="c">BK</subfield>
  </datafield>
  <datafield tag="999" ind1=" " ind2=" ">
    <subfield code="c">472</subfield>
    <subfield code="d">472</subfield>
  </datafield>
  <datafield tag="952" ind1=" " ind2=" ">
    <subfield code="0">0</subfield>
    <subfield code="1">0</subfield>
    <subfield code="2">lcc</subfield>
    <subfield code="4">0</subfield>
    <subfield code="7">0</subfield>
    <subfield code="a">PHNS</subfield>
    <subfield code="b">PHNS</subfield>
    <subfield code="c">GEN</subfield>
    <subfield code="d">2021-02-19</subfield>
    <subfield code="l">0</subfield>
    <subfield code="o">RT41.El5</subfield>
    <subfield code="p">00767</subfield>
    <subfield code="r">2021-02-19 00:00:00</subfield>
    <subfield code="t">c.1</subfield>
    <subfield code="w">2021-02-19</subfield>
    <subfield code="y">BK</subfield>
    <subfield code="z">kd 19/02/21</subfield>
  </datafield>
  <datafield tag="952" ind1=" " ind2=" ">
    <subfield code="0">0</subfield>
    <subfield code="1">0</subfield>
    <subfield code="2">lcc</subfield>
    <subfield code="4">0</subfield>
    <subfield code="7">0</subfield>
    <subfield code="a">PHNS</subfield>
    <subfield code="b">PHNS</subfield>
    <subfield code="c">GEN</subfield>
    <subfield code="d">2021-02-19</subfield>
    <subfield code="l">0</subfield>
    <subfield code="o">RT41.El5</subfield>
    <subfield code="p">00768</subfield>
    <subfield code="r">2021-02-19 00:00:00</subfield>
    <subfield code="t">c.2</subfield>
    <subfield code="w">2021-02-19</subfield>
    <subfield code="y">BK</subfield>
    <subfield code="z">kd 19/02/21</subfield>
  </datafield>
  <datafield tag="952" ind1=" " ind2=" ">
    <subfield code="0">0</subfield>
    <subfield code="1">0</subfield>
    <subfield code="2">lcc</subfield>
    <subfield code="4">0</subfield>
    <subfield code="7">0</subfield>
    <subfield code="a">PHNS</subfield>
    <subfield code="b">PHNS</subfield>
    <subfield code="c">GEN</subfield>
    <subfield code="d">2021-02-19</subfield>
    <subfield code="l">0</subfield>
    <subfield code="o">RT41.El5</subfield>
    <subfield code="p">00769</subfield>
    <subfield code="r">2021-02-19 00:00:00</subfield>
    <subfield code="t">c.3</subfield>
    <subfield code="w">2021-02-19</subfield>
    <subfield code="y">BK</subfield>
    <subfield code="z">kd 19/02/21</subfield>
  </datafield>
  <datafield tag="952" ind1=" " ind2=" ">
    <subfield code="0">0</subfield>
    <subfield code="1">0</subfield>
    <subfield code="2">lcc</subfield>
    <subfield code="4">0</subfield>
    <subfield code="7">0</subfield>
    <subfield code="a">PHNS</subfield>
    <subfield code="b">PHNS</subfield>
    <subfield code="c">GEN</subfield>
    <subfield code="d">2021-02-19</subfield>
    <subfield code="l">0</subfield>
    <subfield code="o">RT41.El5</subfield>
    <subfield code="p">00770</subfield>
    <subfield code="r">2021-02-19 00:00:00</subfield>
    <subfield code="t">c.4</subfield>
    <subfield code="w">2021-02-19</subfield>
    <subfield code="y">BK</subfield>
    <subfield code="z">kd 19/02/21</subfield>
  </datafield>
  <datafield tag="952" ind1=" " ind2=" ">
    <subfield code="0">0</subfield>
    <subfield code="1">0</subfield>
    <subfield code="2">lcc</subfield>
    <subfield code="4">0</subfield>
    <subfield code="7">0</subfield>
    <subfield code="a">PHNS</subfield>
    <subfield code="b">PHNS</subfield>
    <subfield code="c">GEN</subfield>
    <subfield code="d">2021-02-19</subfield>
    <subfield code="l">0</subfield>
    <subfield code="o">RT41.El5</subfield>
    <subfield code="p">00771</subfield>
    <subfield code="r">2021-02-19 00:00:00</subfield>
    <subfield code="t">c.5</subfield>
    <subfield code="w">2021-02-19</subfield>
    <subfield code="y">BK</subfield>
    <subfield code="z">kd 19/02/21</subfield>
  </datafield>
</record>
